000 00898nam a22002297a 4500
005 20240530110902.0
008 220214s2009 ua g 000 0 ara d
017 _bمصر. دار الكتب
040 _aEG-CaGPL
_cEG-CaGPL
082 0 4 _221
_a320.964/
_bع م
100 0 _aعلى عبداللطيف احميدة
245 1 0 _aما بعد الاستشراق :
_bمراجعات نقدية فى التاريخ الاجتماعى والثقافى المغاربى 1990 -2007 /
_cعلى عبداللطيف احميدة
250 _aط. 1
260 _aبيروت :
_bمركز دراسات الوحدة العربية،
_c2009
300 _a159ص. ؛
_c24 سم
650 0 7 _2qrmak
_aالمغرب العربى
650 0 7 _2qrmak
_aالاستشراق
651 _2qrmak
700 0 _aاسامة العدولى
_eمعرب
942 _2ddc
_cBK
999 _c66143
_d66143